| 000 | 00580nam a2200181Ia 4500 | ||
|---|---|---|---|
| 003 | IN-BaIIA | ||
| 005 | 20250729140435.0 | ||
| 008 | 211028s9999 xx 000 0 eng d | ||
| 040 | _cIIA Library | ||
| 080 |
_a(059):52 _bNAU-80 |
||
| 110 | _aHer Majesty's Nautical Almanac Office | ||
| 245 | 4 |
_aThe American Ephemeris and Nautical Almanac for the year 1980 _cNautical Almanac Office |
|
| 260 |
_aWashington _bU. S. Government Printing Office _c1979 |
||
| 300 | _avii, 575p. | ||
| 650 | _aAlmanacs | ||
| 650 | _aEphemeris | ||
| 942 |
_cBK _2ddc |
||
| 999 |
_c6454 _d6454 |
||